<?xml version="1.0" encoding="UTF-8"?>
<collection xmlns="http://www.loc.gov/MARC21/slim">
 <record>
  <leader>01013nam a22002297a 4500</leader>
  <controlfield tag="001">AAL6854</controlfield>
  <controlfield tag="003">BD-DhAAL</controlfield>
  <controlfield tag="005">20160129183343.0</controlfield>
  <controlfield tag="008">160129s    2001bd ||||| b||| 00| 0 ben d</controlfield>
  <datafield tag="020" ind1=" " ind2=" ">
   <subfield code="a">9847760713</subfield>
  </datafield>
  <datafield tag="040" ind1=" " ind2=" ">
   <subfield code="a">BD-DhAAL</subfield>
   <subfield code="c">BD-DhAAL</subfield>
  </datafield>
  <datafield tag="082" ind1=" " ind2=" ">
   <subfield code="a">954.92</subfield>
  </datafield>
  <datafield tag="100" ind1=" " ind2=" ">
   <subfield code="a">মঞ্জু, আনোয়ার হোসেইন </subfield>
   <subfield code="9">17600</subfield>
  </datafield>
  <datafield tag="245" ind1=" " ind2=" ">
   <subfield code="a">সিপাহী বিদ্রোহের ভুলে যাওয়া কাহিনী এবং একটি ঐতিহাসিক অবিচার /</subfield>
   <subfield code="c">আনোয়ার হোসেইন মঞ্জু</subfield>
  </datafield>
  <datafield tag="260" ind1=" " ind2=" ">
   <subfield code="a">ঢাকা :</subfield>
   <subfield code="b">ঐতিহ্য, </subfield>
   <subfield code="c">২০০১. </subfield>
  </datafield>
  <datafield tag="300" ind1=" " ind2=" ">
   <subfield code="a">১২৭ পৃ. ;</subfield>
   <subfield code="c">২২ সে.মি.</subfield>
  </datafield>
  <datafield tag="504" ind1=" " ind2=" ">
   <subfield code="6">Includes bibliography </subfield>
  </datafield>
  <datafield tag="541" ind1=" " ind2=" ">
   <subfield code="e">6854</subfield>
  </datafield>
  <datafield tag="651" ind1=" " ind2=" ">
   <subfield code="a">Bangladesh</subfield>
   <subfield code="x">History</subfield>
   <subfield code="9">17601</subfield>
  </datafield>
  <datafield tag="942" ind1=" " ind2=" ">
   <subfield code="2">ddc</subfield>
   <subfield code="c">BK</subfield>
  </datafield>
  <datafield tag="999" ind1=" " ind2=" ">
   <subfield code="c">36708</subfield>
   <subfield code="d">36708</subfield>
  </datafield>
  <datafield tag="952" ind1=" " ind2=" ">
   <subfield code="0">0</subfield>
   <subfield code="1">0</subfield>
   <subfield code="2">ddc</subfield>
   <subfield code="4">0</subfield>
   <subfield code="6">954_920000000000000_MON</subfield>
   <subfield code="7">0</subfield>
   <subfield code="9">57775</subfield>
   <subfield code="a">SCL</subfield>
   <subfield code="b">SCL</subfield>
   <subfield code="c">GEN</subfield>
   <subfield code="d">2016-01-29</subfield>
   <subfield code="g">100.00</subfield>
   <subfield code="l">3</subfield>
   <subfield code="m">1</subfield>
   <subfield code="o">954.92 MON</subfield>
   <subfield code="p">3020006854</subfield>
   <subfield code="r">2023-02-23</subfield>
   <subfield code="s">2023-02-15</subfield>
   <subfield code="t">1</subfield>
   <subfield code="w">2016-01-29</subfield>
   <subfield code="y">BK</subfield>
  </datafield>
 </record>
</collection>
